Представление документа в формате RUSMARC

ПолеНазваниеЗначение
  Тип записи a
  Библиографический уровень a
001 Контрольный номер c520d6b80c82459abdf9d3e44199664c
005 Дата корректировки 20250530161428.1
100 Данные общей обработки __
a Данные общей обработки 20231130d20230821m##c0rusy0189 ca
101 Язык документа 0_
a Язык текста rus
102 Страна публикации __
a Страна публикации RU
200 Заглавие и сведения об ответственности 1_
a Заглавие Героям 2022-2023-х годов
e Сведения, относящиеся к заглавию [подборка стихов]
f Первые сведения об ответственности Н. Коваленко
203 Вид содержания и тип средства __
a Вид содержания Текст
b Характеристика содержания визуальный
c Тип средства непосредственный
300 Общие примечания __
a Общие примечания Содерж.: "Присниться не могло дедам..." ; "Тяжело на душе, когда знаешь - война..." ; Дети Донбасса ; "Дыханье общее в стране..." ; Мы с вами!
461 Уровень набора _0
1 2000
a Симбирскъ
463 Уровень физической единицы _0
1 2000
a № 4 (103)
v С. 77-78 : ил., фот.
1 2101
d 2023
1 001RU/REG73/CBS_GRAD/1f28cd6aeabf41cd9a4c94b391c84015
600 Персоналии _1
a Персоналии (Фамилия) Коваленко
g Полное имя Нина
606 Тематические рубрики 0_
a Основная рубрика Русская поэзия - 21 в.
y Географическая подрубрика Ульяновская область
y Географическая подрубрика Ульяновск, город
y Географическая подрубрика Россия
610 Ключевые слова 0_
a Ключевые слова ульяновские поэты, стихи о героях, герои (х. л.), стихи о Родине, Родина (х. л.), стихи о детях Донбасса, стихи о войне на Донбассе, война на Донбассе (х. л.), стихи о войне на Украине
686 Индексы других классификаций __
a Классификационный индекс 84(2 Рос=Рус)6
2 Код системы rubbk
700 Автор _1
a Фамилия Коваленко
b Имя (инициалы) Н.
g Полное личное имя Нина
801 Источник записи _0
a Страна RU
b Организация RuCBSGrad
c Дата составления 20231130
g Правила каталогизации RCR
801 Источник записи _1
a Страна RU
b Организация RuCBSGrad
c Дата составления 20231130
g Правила каталогизации RCR
852 Данные о местонахождении __
a Наименование организации МБУК ЦБС г. Димитровграда
901 Тип документа __
t Тип документа b
w Контрольный № источника RU/REG73/CBS_GRAD/1f28cd6aeabf41cd9a4c94b391c84015
909 Создатель записи __
a Создатель записи Тенигина
b Дата создания записи 20231130